Экономическая безопасность России и офшорные зоны; Экономика России в XXI веке

Dettagli Bibliografici
Parent link:Экономика России в XXI веке.— 2008.— С. 203-206
Autore principale: Ипатова И. Ю.
Altri autori: Ермушко Ж. А. Жанна Александровна
Lingua:russo
Pubblicazione: 2008
Soggetti:
Natura: MixedMaterials Capitolo di libro
KOHA link:https://koha.lib.tpu.ru/cgi-bin/koha/opac-detail.pl?biblionumber=154952

MARC

LEADER 00000naa2a2200000 4500
001 154952
005 20240204121959.0
035 |a (RuTPU)RU\TPU\book\168065 
090 |a 154952 
100 |a 20090306d2008 k y0rusy50 ca 
101 0 |a rus 
102 |a RU 
200 1 |a Экономическая безопасность России и офшорные зоны  |f И. Ю. Ипатова, Ж. А. Ермушко 
320 |a Библиогр.: 3 назв. 
463 0 |0 (RuTPU)RU\TPU\book\161559  |t Экономика России в XXI веке  |o сборник научных трудов V Всероссийской научно-практической конференции "Теоретические проблемы экономической безопасности России в XXI веке", Томск, 2008  |f Томский политехнический университет (ТПУ), Инженерно-экономический факультет, Кафедра экономики; под ред. Г. А. Барышевой  |v С. 203-206  |d 2008  |p 377 с. 
610 1 |a офшоры 
610 1 |a офшорные зоны 
610 1 |a экономическая безопасность 
610 1 |a безопасность 
610 1 |a глобализация 
610 1 |a бизнес 
610 1 |a труды учёных ТПУ 
700 1 |a Ипатова  |b И. Ю. 
701 1 |a Ермушко  |b Ж. А.  |c экономист  |c доцент Томского политехнического университета, кандидат экономических наук  |f 1965-  |g Жанна Александровна  |3 (RuTPU)RU\TPU\pers\25993  |4 070  |9 11842 
801 1 |a RU  |b 63413507  |c 20090306  |g PSBO 
801 2 |a RU  |b 63413507  |c 20130206  |g RCR 
942 |c BK